Aproximación a la Riqueza de Especies Faunísticas. Aves, Mamíferos, Anfibios y Reptiles: (Registro nro. 17969)

Detalles MARC
000 -CABECERA
Campo de control 00775nam a22002057a 4500
005 - FECHA Y HORA DE LA ULTIMA TRANSACCION
Campo de control 20191224042232.0
008 - ELEMENTOS DE LONGITUD FIJA—INFORMACION GENERAL
Campo de control 160115b xxu||||| |||| 00| 0 spa d
040 ## - FUENTE DE CATALOGACIÓN
Agencia catalogadora original CO-BoIAVH
Agencia transcriptora CO-BoIAVH
041 ## - IDIOMA
Código de idioma para texto/pista de sonido o título separado Español
044 ## - PAÍS DE PUBLICACIÓN
País de publicación Colombia
090 ## - CLASIFICACIÓN LOCAL
Colección LB-
Consecutivo 05729
110 1# - ASIENTO PRINCIPAL--NOMBRE CORPORATIVO
Nombre corporativo o de jurisdicción como elemento de entrada Geocol
9 (RLIN) 51353
245 ## - MENCION DE TITULO
Título Aproximación a la Riqueza de Especies Faunísticas. Aves, Mamíferos, Anfibios y Reptiles:
Parte restante del título Presentes en el Área de Estudio del Bloque para la Perforación Exploratoria vmm2. en los Municipios de Aguachica, Gamarra y Rio de Oro, Departamento de Cesar
260 ## - PUBLICACION, DISTRIBUCION, ETC. (PIE DE IMPRENTA)
Lugar de publicación, distribución, etc. Colombia:
Nombre del editor, distribuidor, etc. Geocol,
Fecha de publicación, distribución, etc. [s. f.]
300 ## - DESCRIPCION FISICA
Extensión 80 Paginas.
650 #6 - ASIENTO SECUNDARIO DE MATERIA - TERMINO TEMATICO
Término temático o nombre geográfico como elemento de entrada Conservación de fauna
9 (RLIN) 4359
650 #6 - ASIENTO SECUNDARIO DE MATERIA - TERMINO TEMATICO
Término temático o nombre geográfico como elemento de entrada Bosque Seco Tropical
9 (RLIN) 51366
650 #6 - ASIENTO SECUNDARIO DE MATERIA - TERMINO TEMATICO
Término temático o nombre geográfico como elemento de entrada Bosque Húmedo Tropical
9 (RLIN) 3501
942 ## - ELEMENTOS ADICIONALES (KOHA)
Sistema de clasificación Local
Tipo de ítem Informe Técnico
Existencias
Withdrawn status Lost status Sistema de Clasificación Damaged status No para préstamo Colección Inventariado Ubicación Permanente Ubicación actual Fecha de adquisición Total Checkouts Número topográfico Inventario / Código de Barras Date last seen Ejemplar Price effective from Forma de adquisición Tipo de material
    Local     General Inventariado 2017 Bogotá Bogotá 15/01/2016   LB-05729 039614 15/01/2016 Ej. 1 15/01/2016   Informe Técnico